| 000 | 00383nam a22001697a 4500 | ||
|---|---|---|---|
| 999 |
_c11403 _d11403 |
||
| 003 | OSt | ||
| 008 | 220616b ||||| |||| 00| 0 eng d | ||
| 020 | _a9789332537293 | ||
| 100 | _aSUBRAMANIAN, Chandramouli | ||
| 245 | _aSoftware Engineering | ||
| 250 | _a9th | ||
| 260 |
_aNoida _bPearson _c2020 |
||
| 300 | _a654 | ||
| 650 | _aCSE | ||
| 700 | _aDUTT, Saikat | ||
| 942 |
_2ddc _cBK |
||